00479nam a2200169Ia 4500008004100000020001800041040001900059041001200078082002800090100002200118245004000140260003800180300001700218504003400235650001900269850002100288131103s9999 xx 000 0 und d a0 224 00580 4 aLoreto College aEnglish a954.02/GASbLCLIB/20499 aGascoigne, Bamber 4aThe great moghulscBamber Gascogine aNew DelhibB.I.Publicationsc1971 a264p c 24cm aIncludes bibilography & index aIndian history aLCLIB/954.02/GAS